000 00339nam a2200145Ia 4500
008 130318s9999 xx 000 0 und d
020 _a764537008
082 _a006.7 PEC/G
100 _aPeck, Wendy
245 _aGreat web typography
260 _bWiley
_aNew York
_c2003
300 _a316
650 _aWEB DESIGN
650 _aWEB TYPOGRAPHY
999 _c696
_d696